000 00634nam a2200217 4500
001 140505
003 ES-MaACL
005 20230906200107.0
007 t|
008 070214s1953 sp r ||||1| spa d
100 1 _aSeifert, Elisabeth.
_9105250
245 1 3 _aEl Doctor toma esposa
_b: novela /
_cElisabeth Seifert ; [traducción del inglés por J. Romero de Tejada].
250 _a1ª ed.
260 _aBarcelona :
_bPlaneta,
_c1953.
300 _a291 p. ;
_c19 cm.
490 1 _aGoliat
700 1 _aRomero de Tejada, J.
_999376
830 0 _aGoliat
_9181396
852 _aES-MaACL
_jC-7944
_bR.34993
999 _c140505
_d140505